Bővülő tudományos kapcsolatok Bolgár küldöttség az MTESZ megyei szervezeténél /
Elmentve itt :
| Szerző: | |
|---|---|
| Dokumentumtípus: | Cikk |
| Megjelent: |
1975-11-26
|
| Sorozat: | Délmagyarország
65 No. 277 |
| Kulcsszavak: | METESZ |
| Online Access: | http://dmarchiv.bibl.u-szeged.hu/118758 |
| LEADER | 00512nab a2200157 i 4500 | ||
|---|---|---|---|
| 001 | delm118758 | ||
| 005 | 20190418142447.0 | ||
| 008 | 190418s1975 hu o 0|| hun d | ||
| 040 | |a SZTE Délmagyarország Archívum |b hun | ||
| 041 | |a hun | ||
| 100 | 1 | |a Somogyi Károlyné | |
| 245 | 1 | 0 | |a Bővülő tudományos kapcsolatok |h [elektronikus dokumentum] : |b Bolgár küldöttség az MTESZ megyei szervezeténél / |c Somogyi Károlyné |
| 260 | |c 1975-11-26 | ||
| 300 | |a 3 | ||
| 490 | 0 | |a Délmagyarország |v 65 No. 277 | |
| 695 | |a METESZ | ||